Francés : (Registro nro. 13348)

Detalles MARC
000 -LIDER
fixed length control field 00516nam a22001937a 4500
003 - IDENTIFICACDOR DE NÚMERO DE CONTROL
control field DO-SdBNP
005 - DATE AND TIME OF LATEST TRANSACTION
control field 20180309092555.0
008 - ELEMENTOS DE LONGITUD FIJA
fixed length control field 180309b dr||||| |||| 00| 0 spa d
020 ## - ISBN
International Standard Book Number 8482611380
040 ## - FUENTE DE CATALOGACIÓN
Agencia que crea de manera original el registro BPMSU
Idioma de catalogación spa
Agencia que realiza la transcripción BPMSU
100 ## - ASIENTO PRINCIPAL -- NOMBRE PERSONAL
Nombre personal Novella, Sylvie
245 ## - MENCIÓN DE TITULO
Título Francés :
Subtítulo curso 2do primer ciclo
Mención de responsabilidad Sylvie, Novella
260 ## - PUBLICACIÓN, DISTRIBUCIÓN, ETC. (PIE DE IMPRENTA)
Lugar de publicación, distribución, etc Santo Domingo
Nombre del editor, distribuidor, etc. Santillana
Fecha de publicación, distribución, etc 1999
300 ## - DESCRIPCIÓN FÍSICA
Extensión 200 p.
Otros detalles físicos il.
Dimensiones 28 cm
490 ## - MENCIÓN DE SERIES
Mención de serie Santillana
942 ## - ADDED ENTRY ELEMENTS (KOHA)
Source of classification or shelving scheme Dewey Decimal Classification
Koha item type Libros
945 ## - INFORMACIÓN DE PROCESAMIENTO LOCAL
Información de procesamiento local inventariado, 2018 / dg
956 ## - LOCAL ELECTRONIC LOCATION AND ACCESS (OCLC)
Nombre de host dg
Número de acceso 10
Existencias
Withdrawn status Lost status Source of classification or shelving scheme Damaged status Not for loan Collection code Home library Current library Date acquired Source of acquisition Total Checkouts Barcode Date last seen Price effective from Koha item type Copy number
    Dewey Decimal Classification     Colección Dominicana Biblioteca Pública Metropolitana Salomé Ureña Biblioteca Pública Metropolitana Salomé Ureña 03/09/2018 Donado   BPMSU18030032 03/09/2018 03/09/2018 Libros  
    Dewey Decimal Classification     Colección Dominicana Biblioteca Pública Metropolitana Salomé Ureña Biblioteca Pública Metropolitana Salomé Ureña 03/09/2018 Donado   BPMSU18030033 03/09/2018 03/09/2018 Libros e. 2